Zwycięzcy Mistrzostw Europy gdyby były sprawiedliwe - Statystyki

Ogólne statystyki
  • Ten quiz został rozwiązany 195 razy
  • Średni wynik to 14 z 16
Statystyki odpowiedzi
Rok Odpowiedź % Poprawnych
2016 FrancjaNajsilniejsza i najpewniejsza drużyna. Cristiano zasłużył na puchar, ale niekoniecznie w 2016 z fatalnym Fernando Santosem
98%
1984 FrancjaOne man show Michela Platiniego. Nic dodać nic ująć. Obok Maradony '86 i Garrinchy '62 najbardziej zdominowany indywidualnie turniej
98%
2000 FrancjaPo złocie na Mundialu '98 Francja stała się jeszcze mocniejsza (przede wszystkim Henry i Trezeguet mocno podnieśli jakość ataku). Zasłużone w pełni.
98%
2008 AngliaKontrowersyjny wybór gdyż jakimś cudem nie awansowali na turniej, ale w tamtym okresie tuż przed erą Guardioli angielska piłka rządziła w Europie, a zawodnicy jak Gerrard, Lampard, Rooney, Terry, Cole itd byli w prime swoich karier. Ta generacja zasłużyła na jakiś laur.
94%
1964 HiszpaniaNajlepszy piłkarz świata Luis Suarez i całkiem solidna drużyna wokół niego. Zasłużone
94%
2012 HiszpaniaNajpewniejsze zwycięstwo z passy trzech wielkich turniejów i chyba najkompletniejsza i najdojrzalsza kadra
94%
1960 HiszpaniaZe względów politycznych Hiszpanie oddali walkower przyszłym mistrzom ZSRR. Wielka szkoda bo to była najlepsza szansa wielkiego Di Stefano na triumf reprezentacyjny. A oprócz geniusza o argentyńskich korzeniach na pierwszym Euro zagrałyby także takie gwiazdy jak Gento, Kubala i Suarez.
94%
1980 NiemcyKarl-Heinz Rummenigge i Bernd Schuster nie przez przypadek zajęli dwa pierwsze miejsca w klasyfikacji Złotej Piłki w 1980. Nie były to najlepsze Niemcy w historii, ale zasłużone na luzie
93%
1972 NiemcyO tej ekipie Niemców z kolei mówi sie że mogła być najlepsza w historii. Gwiazdozbiór w składzie
93%
2004 PortugaliaZdobywcy LM z FC Porto, genialna generacja przełomu wieków na czele z Luisem Figo, gospodarze turnieju, a do tego młody Cristiano Ronaldo. Mieli wszystko
93%
1976 HolandiaGeneracja Oranje z połowy lat 70 to zdecydowanie najbardziej pokrzywdzona przez los drużyna, której brak jakiegokolwiek pucharu zaskakuje. Skoro nie udało się w RFN 1974 to chociaż może jugosławiańskie Euro 76 by im osłodziło
82%
1992 HolandiaNikt ważny z mistrzowskiego 1988 nie ubył, za to doszedł Bergkamp. Holenderskiej generacji z tamtych lat należy się puchar jak psu buda, ale akurat w 1988 zrobiłem miejsce komuś innemu
82%
2021 DaniaWłosi i Duńczycy grali najpiękniejszą, techniczną piłkę, a historia Eriksena, organizacyjna absurdalność turnieju oraz mnóstwo plot twistów i underdogów sprawiają że zwycięstwo Danii byłoby idealnym zwieńczeniem
78%
1996 CzechyUlubieńcy kibiców, ale i bardzo mocni zarówno indywidualnie i drużynowo. Jeszcze lepsi byli w 2004, ale w 1996 jakoś bardziej pasują mając za ewentualnych rywali tylko Anglików z Gazzą (Niemcy - nuda)
65%
1988 Związek RadzieckiWalery Łobanowski to jeden najwybitniejszych trenerów i geniusz taktyczny. To że ani z Dynamem Kijów ani reprezentacją ZSRR nie sięgnął po żaden puchar europejski to wielka niesprawiedliwość
58%
1968 JugosławiaSędziowie zrobili wszystko żeby wygrali gospodarze Włosi (flashbacki z 1934...). Najlepsza była Jugosławia i Dragan Dżajic i co do tego panuje konsensus
51%
Nie znaleziono quizów pasujących do podanych kryteriów
Rozkład punktacji
Procent ludzi z każdym wynikiem
Percentyl według liczby udzielonych odpowiedzi
Twoja historia wyników
Nie rozwiązałeś tego quizu